| 000 | 00381cam a2200169 4500 | ||
|---|---|---|---|
| 001 | D12534 | ||
| 008 | 090401t1891 xxu||||| |||| 00| 0 eng d | ||
| 035 | _a(Sirsi) u4029 | ||
| 041 | _aeng | ||
| 100 | _aD'Cruz, J. E. A. | ||
| 245 | _aSurveying and levelling for students | ||
| 260 |
_bMadras _c1891 |
||
| 350 | _a0 | ||
| 520 | _aShelf 178 | ||
| 942 | _n0 | ||
| 948 | _c04/03/1997 | ||
| 999 |
_c85986 _d85986 |
||